000
00264nam a22001217a 4500
020
_a
NA
082
_2
22
_a
629.822
100
_a
Sukla, R. C.
245
_a
Control systems /
260
_b
Dhanpat Rai & Co. Ltd.,
_c
c2004.
300
_a
0
_b
ill. ;
942
_2
ddc
_c
EE
_0
7
999
_c
3992
_d
3992